| 000 | 00371nam a22001217a 4500 | ||
|---|---|---|---|
| 022 | _a220 PRO | ||
| 100 |
_aUROOJ, HINA, HANA AMIN, _971836 |
||
| 245 | _aPR-SOF-1232-EMBEDDED CONTROL OF 4 DOF BILATERAL ARM PROSTHESIS | ||
| 260 |
_aISLAMABAD _bNUST COLLEGE OF EME _c2013 |
||
| 650 |
_aDE-MTS-31 _971837 |
||
| 700 |
_aSUPERVISOR AHSAN, DR JAVAID IQBAL _971838 |
||
| 942 | _cCR | ||
| 999 |
_c578138 _d578138 |
||